000 00568nam a2200181 a 4500
001 190962
003 ES-MaACL
005 20230906223905.0
008 220905s1998 sp 000 spa
020 _a8489327068
040 _aUSA.ENFI
245 0 0 _aVademecum internacional de especialidades farmacéuticas y biológicas, productos y artículos de parafarmacia, métodos de diagnóstico.
250 _a39a. ed.
260 _aMadrid :
_bMedicom,
_c1998.
300 _a1 v. (pag. var.)
650 0 4 _aMedicamentos.
_914884
852 _aES-MaACL
_jVAD 615(085) "1998"
999 _c190962
_d190962